[Event "Cairo Al Ain op"]
[Site "Cairo"]
[Date "2023.11.30"]
[Round "6"]
[White "Sayed, Hany"]
[Black "Hossam Mohamed, Adham"]
[Result "1-0"]
[WhiteElo "2028"]
[BlackElo "1829"]
[PlyCount "97"]
[EventDate "2023.11.27"]
[EventType "swiss"]
[EventRounds "10"]
[EventCountry "EGY"]
[SourceTitle "CB49_2023"]
[SourceDate "2023.12.06"]
[SourceVersion "1"]
[SourceVersionDate "2023.12.06"]
[SourceQuality "1"]

1. e4 c5 2. Be2 Nc6 3. f4 d5 4. Nc3 d4 5. Nb1 e5 6. d3 exf4 7. Bxf4 Bd6 8. Qd2 Nf6 9. Na3 0-0 10. 0-0-0 a6 11. Rf1 b5 12. Bg5 Be7 13. h4 Be6 14. Qf4 Nb4 15. e5 Nfd5 16. Qg3 Kh8 17. Bxe7 Qxe7 18. Bf3 Rac8 19. Be4 h6 20. Ne2 c4 21. dxc4 bxc4 22. Bxd5 Nxd5 23. Nxd4 c3 24. Nb3 cxb2+ 25. Kxb2 Rc3 26. Rf3 Rfc8 27. Rhf1 a5 28. Rxc3 Nxc3 29. Nb1 Ne4 30. Qe1 Qb7 31. Qxa5 Qc6 32. Rc1 Rb8 33. Qa7 Ra8 34. Qd4 Ra4 35. Qd8+ Kh7 36. Qd3 Bc4 37. Qf3 Bd5 38. Qd3 Bc4 39. Qe3 Be6 40. Rd1 Bf5 41. a3 Nd6 42. Qf2 Nc4+ 43. Kc1 Bg6 44. Rd4 Ne3 45. Rxa4 Nxc2 46. Nc5 Qd5 47. h5 Bd3 48. Nxd3 Qxd3 49. Qxc2 1-0

[Event "Cairo Al Ain op"]
[Site "Cairo"]
[Date "2023.11.30"]
[Round "7"]
[White "Yaser, Kareim"]
[Black "Sayed, Hany"]
[Result "1-0"]
[WhiteElo "2090"]
[BlackElo "2028"]
[PlyCount "119"]
[EventDate "2023.11.27"]
[EventType "swiss"]
[EventRounds "10"]
[EventCountry "EGY"]
[SourceTitle "CB49_2023"]
[SourceDate "2023.12.06"]
[SourceVersion "1"]
[SourceVersionDate "2023.12.06"]
[SourceQuality "1"]

1. d4 Nf6 2. c4 e6 3. Nc3 d5 4. cxd5 exd5 5. Bg5 Be7 6. e3 c6 7. Qc2 h6 8. Bh4 0-0 9. Bd3 Re8 10. Nge2 Ne4 11. Bxe7 Qxe7 12. 0-0 Nd7 13. Rab1 Ndf6 14. b4 Ng4 15. Bxe4 dxe4 16. h3 Nf6 17. b5 c5 18. dxc5 Qxc5 19. Rfc1 Qe5 20. Na4 Be6 21. Qb2 Qxb2 22. Rxb2 b6 23. Nd4 Rec8 24. Rbc2 Rxc2 25. Rxc2 Nd5 26. Nxe6 fxe6 27. Rc4 Kf7 28. Nc3 Nxc3 29. Rxc3 Kf6 30. Rc7 a6 31. Rb7 axb5 32. Rxb6 Ra5 33. g4 Ke5 34. Rb7 g5 35. Rh7 Rxa2 36. Rxh6 b4 37. Rg6 Kd5 38. Rxg5+ e5 39. Rg8 b3 40. Rb8 Kc4 41. g5 Ra4 42. Kh2 Ra2 43. Kg2 Ra7 44. h4 Kc3 45. h5 Rf7 46. Kg3 Rf3+ 47. Kg4 Rxf2 48. h6 Rh2 49. Kf5 b2 50. Kg6 Kc2 51. h7 b1Q 52. Rxb1 Kxb1 53. Kg7 Kc2 54. h8Q Rxh8 55. Kxh8 Kd3 56. g6 Kxe3 57. g7 Kf2 58. g8Q e3 59. Qf8+ Kg3 60. Qg7+ 1-0

[Event "Sharjah Blitz op"]
[Site "Sharjah"]
[Date "2021.05.01"]
[Round "7.6"]
[White "Saif, Ahmed"]
[Black "Sayed, Hany"]
[Result "0-1"]
[WhiteElo "1839"]
[BlackElo "2106"]
[PlyCount "70"]
[EventDate "2021.05.01"]
[EventType "swiss (blitz)"]
[EventRounds "9"]
[EventCountry "UAE"]
[SourceTitle "CBM 202 Extra"]
[Source "ChessBase"]
[SourceDate "2021.07.31"]
[SourceVersion "1"]
[SourceVersionDate "2021.07.31"]
[SourceQuality "1"]

1. e4 c5 2. Nf3 d6 3. d4 cxd4 4. Nxd4 Nf6 5. Nc3 a6 6. Bg5 e6 7. f4 Be7 8. Qf3 0-0 9. 0-0-0 Nfd7 10. Bxe7 Qxe7 11. Bd3 Nc6 12. Nb3 b5 13. a3 Bb7 14. Rhe1 Rac8 15. g4 b4 16. axb4 Nxb4 17. Qe2 Qf6 18. Qe3 Rc7 19. g5 Qe7 20. Kb1 Rfc8 21. Na5 Nc5 22. Nxb7 Rxb7 23. Bc4 Rcb8 24. b3 Nc6 25. Qd2 Na5 26. Qd4 Rb4 27. Kc1 Nxc4 28. bxc4 g6 29. Qxd6 Qxd6 30. Rxd6 Rxc4 31. Ne2 Nxe4 32. Rd4 Rbc8 33. Rxc4 Rxc4 34. Ng3 Nc5 35. Ne2 Nd3+ 0-1

[Event "Sharjah Rapid op"]
[Site "Sharjah"]
[Date "2021.04.29"]
[Round "1.14"]
[White "Alhomsi, Mouhammad Ammar"]
[Black "Sayed, Hany"]
[Result "0-1"]
[WhiteElo "1288"]
[BlackElo "2106"]
[PlyCount "90"]
[EventDate "2021.04.29"]
[EventType "swiss (rapid)"]
[EventRounds "9"]
[EventCountry "UAE"]
[SourceTitle "CBM 202 Extra"]
[Source "ChessBase"]
[SourceDate "2021.07.31"]
[SourceVersion "1"]
[SourceVersionDate "2021.07.31"]
[SourceQuality "1"]

1. e4 c5 2. Nf3 d6 3. d3 Nf6 4. c3 e6 5. g3 Be7 6. Bg2 0-0 7. 0-0 e5 8. Nbd2 h6 9. Re1 Be6 10. Nf1 Nc6 11. Ne3 Re8 12. Nh4 d5 13. Qe2 Qd7 14. Nef5 Bf8 15. Be3 Rad8 16. Rad1 d4 17. Bc1 Bxa2 18. c4 Bb3 19. g4 Bxd1 20. Rxd1 Nh7 21. Nf3 g6 22. Nxh6+ Bxh6 23. Bxh6 Qxg4 24. Kh1 Qh5 25. Bc1 Rd6 26. Qc2 g5 27. Ng1 Rh6 28. h3 Rf6 29. Rf1 Nb4 30. Qd2 Kg7 31. Ne2 Rf4 32. Ng3 Qg6 33. Ne2 Kh8 34. Qd1 Rg8 35. Ng3 g4 36. Bxf4 exf4 37. Nf5 f3 38. h4 fxg2+ 39. Kxg2 Nf6 40. h5 Qg5 41. Rg1 Nc6 42. Qe1 Ne5 43. Qd1 Qf4 44. Nh4 g3 45. Nf5 gxf2+ 0-1

[Event "Sharjah Rapid op"]
[Site "Sharjah"]
[Date "2021.04.29"]
[Round "5.13"]
[White "Alkhour, Seifedin"]
[Black "Sayed, Hany"]
[Result "0-1"]
[WhiteElo "1444"]
[BlackElo "2106"]
[PlyCount "60"]
[EventDate "2021.04.29"]
[EventType "swiss (rapid)"]
[EventRounds "9"]
[EventCountry "UAE"]
[SourceTitle "CBM 202 Extra"]
[Source "ChessBase"]
[SourceDate "2021.07.31"]
[SourceVersion "1"]
[SourceVersionDate "2021.07.31"]
[SourceQuality "1"]

1. e4 c5 2. c3 d6 3. Nf3 Nf6 4. e5 dxe5 5. Nxe5 Nbd7 6. f4 Nxe5 7. fxe5 Nd5 8. Be2 e6 9. 0-0 Be7 10. d4 0-0 11. Bf3 cxd4 12. cxd4 Bd7 13. Nc3 Bc6 14. Ne4 f5 15. exf6 Nxf6 16. Ng5 Bxf3 17. Rxf3 Qd5 18. Qe1 Qxd4+ 19. Be3 Qe5 20. Qf1 Bc5 21. Nh3 Bxe3+ 22. Rxe3 Qxe3+ 23. Kh1 Nd5 24. Qc4 Rac8 25. Qg4 Rc1+ 26. Rxc1 Qxc1+ 27. Ng1 Qe1 28. Qh5 g6 29. Qg5 Qe3 30. Qh4 g5 0-1

[Event "Sharjah Rapid op"]
[Site "Sharjah"]
[Date "2021.04.29"]
[Round "4.11"]
[White "Sayed, Hany"]
[Black "Al Maamari, Wafia Darwish"]
[Result "0-1"]
[WhiteElo "2106"]
[BlackElo "1928"]
[PlyCount "80"]
[EventDate "2021.04.29"]
[EventType "swiss (rapid)"]
[EventRounds "9"]
[EventCountry "UAE"]
[SourceTitle "CBM 202 Extra"]
[Source "ChessBase"]
[SourceDate "2021.07.31"]
[SourceVersion "1"]
[SourceVersionDate "2021.07.31"]
[SourceQuality "1"]

1. Nf3 c5 2. g3 Nc6 3. Bg2 g6 4. 0-0 Bg7 5. c3 e5 6. d3 Nge7 7. e4 d6 8. Na3 0-0 9. Nc4 h6 10. a4 d5 11. exd5 Nxd5 12. Re1 Re8 13. Qb3 Nb6 14. Be3 Nxc4 15. Qxc4 b6 16. Ng5 Be6 17. Nxe6 Rxe6 18. Bd5 Rf6 19. b4 Rc8 20. bxc5 Na5 21. Qe4 bxc5 22. Rab1 Rd6 23. c4 Rb6 24. Rb5 Nb3 25. Rb1 Rxb5 26. axb5 Nd4 27. Qxg6 Qxd5 28. Qxg7+ Kxg7 29. cxd5 Rd8 30. b6 axb6 31. Rxb6 Nf5 32. Kf1 Rxd5 33. Ke2 Nd4+ 34. Kf1 f6 35. g4 Nf3 36. Ke2 Nd4+ 37. Kf1 Nf3 38. h3 Nd4 39. h4 Rd7 40. h5 Rc7 0-1

[Event "Mahalla op 16th"]
[Site "Mahalla"]
[Date "2015.07.31"]
[Round "8"]
[White "Elgabry, Mohsen"]
[Black "Sayed, Hany"]
[Result "1-0"]
[WhiteElo "2376"]
[BlackElo "2163"]
[PlyCount "111"]
[EventDate "2015.07.24"]
[EventType "swiss"]
[EventRounds "9"]
[EventCountry "EGY"]
[SourceTitle "EXT 2016"]
[Source "ChessBase"]
[SourceDate "2015.10.08"]
[SourceVersion "1"]
[SourceVersionDate "2015.10.08"]
[SourceQuality "1"]

1. c4 Nf6 2. g3 g6 3. Bg2 Bg7 4. Nf3 0-0 5. 0-0 d5 6. d4 c6 7. cxd5 Nxd5 8. e4 Nb6 9. h3 a5 10. Nc3 Be6 11. Re1 h6 12. Na4 N8d7 13. Be3 Nxa4 14. Qxa4 Nb6 15. Qc2 Nc4 16. Rad1 Nxe3 17. Rxe3 a4 18. Ra3 Qb6 19. Rd2 Qb4 20. Qc3 Qb6 21. Kh2 Rfc8 22. Ne5 Qc7 23. f4 Qd6 24. Qc2 Qb4 25. Nd3 Qxd4 26. Nc5 Qc4 27. Nxe6 Qxe6 28. Rxa4 Rxa4 29. Qxa4 g5 30. Bf3 b5 31. Qa6 Rf8 32. Qb6 gxf4 33. gxf4 Qf6 34. Qe3 e5 35. f5 Rd8 36. Rg2 Kh7 37. Bh5 Rd4 38. Qf3 c5 39. Qb3 c4 40. Qxb5 Qe7 41. Qc6 Bf6 42. Qc8 Bg5 43. h4 Bf4+ 44. Kh3 Rd2 45. Qxc4 Rxg2 46. Kxg2 Kg7 47. Qd5 Qc7 48. Kh3 Bc1 49. Qb3 Qa7 50. Kg2 Bd2 51. Qd5 Bf4 52. a4 Qc7 53. Kf3 Qa7 54. Qxf7+ Qxf7 55. Bxf7 Kxf7 56. a5 1-0

[Event "Mahalla op 16th"]
[Site "Mahalla"]
[Date "2015.07.29"]
[Round "6"]
[White "Eldesoky, Hatem"]
[Black "Sayed, Hany"]
[Result "1/2-1/2"]
[WhiteElo "2249"]
[BlackElo "2163"]
[PlyCount "82"]
[EventDate "2015.07.24"]
[EventType "swiss"]
[EventRounds "9"]
[EventCountry "EGY"]
[SourceTitle "EXT 2016"]
[Source "ChessBase"]
[SourceDate "2015.10.08"]
[SourceVersion "1"]
[SourceVersionDate "2015.10.08"]
[SourceQuality "1"]

1. e4 c5 2. Nf3 d6 3. d4 cxd4 4. Nxd4 Nf6 5. Nc3 a6 6. Bg5 e6 7. f4 Be7 8. Qf3 Qc7 9. 0-0-0 Nbd7 10. g4 h6 11. Bxf6 gxf6 12. Qh3 Nb6 13. Kb1 Bd7 14. Qh5 Kf8 15. g5 Qc5 16. h4 Rc8 17. Rh2 Na4 18. Nxa4 Bxa4 19. Bh3 Bd7 20. Rhd2 a5 21. f5 e5 22. Nb3 Qe3 23. gxf6 Bxf6 24. Rxd6 Qxe4 25. Rxd7 Qxc2+ 26. Ka1 Rh7 27. R7d2 Qc4 28. Qe2 Qxh4 29. Bg2 a4 30. Na5 a3 31. Be4 axb2+ 32. Kxb2 Rg7 33. Rh1 Qf4 34. Rf1 Qh4 35. Qe1 Rg4 36. Qxh4 Rxh4 37. Re2 Rc5 38. Nb3 Rb5 39. Kc3 h5 40. Rd1 Rb6 41. Nc5 Rb5 1/2-1/2

[Event "Mahalla op 16th"]
[Site "Mahalla"]
[Date "2015.07.27"]
[Round "4"]
[White "Sayed, Hany"]
[Black "Sadek, Sameh"]
[Result "0-1"]
[WhiteElo "2163"]
[BlackElo "2276"]
[PlyCount "52"]
[EventDate "2015.07.24"]
[EventType "swiss"]
[EventRounds "9"]
[EventCountry "EGY"]
[SourceTitle "EXT 2016"]
[Source "ChessBase"]
[SourceDate "2015.10.08"]
[SourceVersion "1"]
[SourceVersionDate "2015.10.08"]
[SourceQuality "1"]

1. e4 e6 2. d4 d5 3. Nc3 Nf6 4. Bg5 Bb4 5. Bxf6 Qxf6 6. e5 Qd8 7. Qg4 0-0 8. Nf3 c5 9. Bd3 h6 10. 0-0 c4 11. Be2 Bxc3 12. bxc3 Qa5 13. Rfe1 Qxc3 14. Rac1 Nc6 15. Bf1 f5 16. Qf4 Rf7 17. h4 Bd7 18. h5 Be8 19. Re3 Qb2 20. Rd1 Rf8 21. Qh4 f4 22. Re2 Rf5 23. c3 Qxc3 24. Red2 Bxh5 25. Be2 Raf8 26. Qh3 b5 0-1

[Event "Cairo Assiut op 6th"]
[Site "Cairo"]
[Date "2010.08.04"]
[Round "5"]
[White "Amin, Bassem"]
[Black "Sayed, Hany"]
[Result "1-0"]
[WhiteElo "2568"]
[BlackElo "2125"]
[PlyCount "55"]
[EventDate "2010.07.30"]
[EventType "swiss"]
[EventRounds "9"]
[EventCountry "EGY"]
[SourceTitle "CBM 137 Extra"]
[Source "ChessBase"]
[SourceDate "2010.09.01"]
[SourceVersion "1"]
[SourceVersionDate "2010.09.01"]
[SourceQuality "1"]

1. Nf3 Nf6 2. g3 b6 3. Bg2 Bb7 4. 0-0 c5 5. d3 d6 6. e4 Nbd7 7. Nbd2 e5 8. c3 Ba6 9. Nc4 Be7 10. Nh4 b5 11. Ne3 g6 12. a4 0-0 13. axb5 Bxb5 14. Nc4 Nb6 15. b3 Nfd7 16. Bh6 Re8 17. Qd2 Bf8 18. Bxf8 Nxf8 19. f4 Qc7 20. f5 Bxc4 21. dxc4 Kg7 22. f6+ Kh8 23. Qh6 Ne6 24. Bh3 Rg8 25. Bxe6 Rae8 26. Bh3 Nd7 27. Bxd7 Qxd7 28. Nf3 1-0

[Event "Cairo Assiut op 6th"]
[Site "Cairo"]
[Date "2010.08.03"]
[Round "4"]
[White "Sayed, Hany"]
[Black "Mousa, Ahmed"]
[Result "1-0"]
[WhiteElo "2125"]
[BlackElo "2258"]
[PlyCount "26"]
[EventDate "2010.07.30"]
[EventType "swiss"]
[EventRounds "9"]
[EventCountry "EGY"]
[SourceTitle "CBM 137 Extra"]
[Source "ChessBase"]
[SourceDate "2010.09.01"]
[SourceVersion "1"]
[SourceVersionDate "2010.09.01"]
[SourceQuality "1"]

1. Nf3 c5 2. c4 g6 3. g3 Bg7 4. Bg2 Nc6 5. Nc3 e5 6. 0-0 Nge7 7. Nd5 0-0 8. d3 d6 9. Rb1 Nxd5 10. cxd5 Nb4 11. Qb3 a5 12. a3 Na6 13. Nd2 b5 1-0

[Event "EGY-ch Masters"]
[Site "Cairo"]
[Date "2009.11.21"]
[Round "6.1"]
[White "Nagy, Ashraf"]
[Black "Sayed, Hany"]
[Result "1-0"]
[WhiteElo "2022"]
[BlackElo "2132"]
[PlyCount "73"]
[EventDate "2009.11.15"]
[EventType "swiss"]
[EventRounds "8"]
[EventCountry "EGY"]
[SourceTitle "EXT 2024"]
[Source "ChessBase"]
[SourceDate "2023.10.10"]
[SourceVersion "1"]
[SourceVersionDate "2023.10.10"]
[SourceQuality "1"]

1. c4 e6 2. Nf3 Nf6 3. g3 c5 4. Bg2 Be7 5. Nc3 Nc6 6. e3 d5 7. b3 d4 8. Na4 e5 9. Ba3 Bg4 10. h3 Bxf3 11. Bxf3 e4 12. Bg2 dxe3 13. dxe3 Qa5+ 14. Qd2 Nb4 15. 0-0 Rd8 16. Bxb4 cxb4 17. Qc2 Qe5 18. Rad1 0-0 19. Qb2 Qc7 20. Rd4 Rxd4 21. exd4 a6 22. Qc2 b5 23. Nb2 e3 24. f4 Nh5 25. Rf3 Bf6 26. d5 Re8 27. Bf1 g5 28. Nd3 gxf4 29. Nxf4 Bd4 30. Be2 Nf6 31. Qd3 Qc5 32. Qf5 bxc4 33. Nh5 Re7 34. Nxf6+ Bxf6 35. Qxf6 c3 36. Rf4 Rd7 37. Rg4+ 1-0

[Event "EGY-ch Masters"]
[Site "Cairo"]
[Date "2009.11.19"]
[Round "5.1"]
[White "Sayed, Hany"]
[Black "Salah, Ahmed As"]
[Result "1-0"]
[WhiteElo "2132"]
[BlackElo "2111"]
[PlyCount "100"]
[EventDate "2009.11.15"]
[EventType "swiss"]
[EventRounds "8"]
[EventCountry "EGY"]
[SourceTitle "EXT 2024"]
[Source "ChessBase"]
[SourceDate "2023.10.10"]
[SourceVersion "1"]
[SourceVersionDate "2023.10.10"]
[SourceQuality "1"]

1. d4 Nf6 2. c4 e6 3. a3 c5 4. d5 b5 5. dxe6 fxe6 6. Nc3 bxc4 7. Qa4 Be7 8. e4 0-0 9. Bxc4 d5 10. exd5 exd5 11. Ba2 Kh8 12. Nf3 Ba6 13. Bf4 Bd6 14. Bxd6 Qxd6 15. 0-0-0 d4 16. Kb1 Bc8 17. Ng5 Bf5+ 18. Ka1 Bg6 19. Ne6 Rc8 20. Ne2 Nbd7 21. N2f4 Be8 22. Qc2 Nb6 23. g4 Nbd5 24. Nxd5 Nxd5 25. Qf5 Nf6 26. Qg5 Bg6 27. f4 Rab8 28. f5 Ne4 29. Qc1 Be8 30. Rhe1 Bc6 31. Qc2 Nf6 32. g5 Nd7 33. Nxg7 c4 34. f6 c3 35. b4 Ba4 36. Nf5 Bxc2 37. Nxd6 Bxd1 38. Nf7+ Kg8 39. Nd8+ Kf8 40. Ne6+ Kf7 41. Rxd1 Kg6 42. Nxd4 Kxg5 43. f7 c2 44. Rc1 Ne5 45. f8Q Rxf8 46. Ne6+ Kh4 47. Nxf8 Rxf8 48. Rxc2 h5 49. Rc7 a6 50. Rc5 Ng6 1-0

[Event "EGY-ch Masters"]
[Site "Cairo"]
[Date "2009.11.18"]
[Round "4.1"]
[White "Amin, Ashraf"]
[Black "Sayed, Hany"]
[Result "1-0"]
[WhiteElo "2336"]
[BlackElo "2132"]
[PlyCount "135"]
[EventDate "2009.11.15"]
[EventType "swiss"]
[EventRounds "8"]
[EventCountry "EGY"]
[SourceTitle "EXT 2024"]
[Source "ChessBase"]
[SourceDate "2023.10.10"]
[SourceVersion "1"]
[SourceVersionDate "2023.10.10"]
[SourceQuality "1"]

1. c4 e6 2. Nc3 d5 3. e3 Nf6 4. Nf3 Be7 5. d4 a6 6. Bd2 dxc4 7. Bxc4 b5 8. Bd3 Bb7 9. Rc1 c5 10. 0-0 0-0 11. Bb1 Nbd7 12. Qe2 Rc8 13. e4 cxd4 14. Nxd4 Qb6 15. Be3 Bc5 16. Rfd1 Ne5 17. f3 Rfd8 18. Nc2 Nc4 19. Bxc5 Qxc5+ 20. Qf2 Qxf2+ 21. Kxf2 Nxb2 22. Rxd8+ Rxd8 23. Ne3 Kf8 24. a3 Ke7 25. Ke2 Ne8 26. e5 Rc8 27. Kd2 Rc5 28. f4 Nc4+ 29. Nxc4 Rxc4 30. g3 h5 31. Bd3 Rc8 32. Ne2 Rxc1 33. Nxc1 Bd5 34. Kc3 Kd7 35. Kb4 Kc6 36. Ka5 Nc7 37. Be2 g6 38. Nd3 Bc4 39. Bf3+ Bd5 40. Be2 Bc4 41. Bf3+ Nd5 42. Nb4+ Kc5 43. Nxa6+ Kd4 44. Nb8 Ke3 45. Bd1 Nc3 46. a4 Nxd1 47. axb5 h4 48. gxh4 Kxf4 49. Nc6 Bd5 50. Kb4 Nf2 51. Kc5 Ne4+ 52. Kd4 Kg4 53. Nd8 Kxh4 54. Nxf7 Kh3 55. b6 Kxh2 56. Nd8 Ba8 57. Nxe6 g5 58. Nc7 Bb7 59. e6 g4 60. e7 g3 61. e8Q g2 62. Qh5+ Kg3 63. Qd1 Kf2 64. Nd5 Bxd5 65. Qc2+ Kf1 66. Qc1+ Kf2 67. Kxd5 Nf6+ 68. Kc6 1-0

[Event "Egypt op"]
[Site "Egypt"]
[Date "2009.07.23"]
[Round "4"]
[White "Sayed, Hany"]
[Black "Ragheb, Malak"]
[Result "0-1"]
[WhiteElo "2136"]
[BlackElo "2210"]
[PlyCount "100"]
[EventDate "2009.07.20"]
[EventType "swiss"]
[EventRounds "9"]
[EventCountry "EGY"]
[SourceTitle "EXT 2011"]
[Source "ChessBase"]
[SourceDate "2010.11.26"]
[SourceVersion "1"]
[SourceVersionDate "2010.11.26"]
[SourceQuality "1"]

1. d4 Nf6 2. c4 e6 3. Nf3 b6 4. g3 Bb7 5. Bg2 Be7 6. Nc3 0-0 7. 0-0 d5 8. Ne5 Nbd7 9. f4 c5 10. e3 Rc8 11. cxd5 exd5 12. Bh3 cxd4 13. exd4 a6 14. a4 Bb4 15. Qb3 a5 16. Be3 Ba6 17. Nb5 Qe7 18. Rfc1 Bb7 19. Rxc8 Rxc8 20. Rc1 Rxc1+ 21. Bxc1 Nxe5 22. fxe5 Ne4 23. Qc2 h6 24. Bc8 Ba8 25. Nc7 Bc5 26. Nb5 Qd8 27. Bf5 Be7 28. Qc7 Kf8 29. Qxd8+ Bxd8 30. Kg2 Bc6 31. Kf3 Bg5 32. Be3 Nd2+ 33. Bxd2 Bxd2 34. Ke2 Bb4 35. b3 Ke7 36. Na7 Bb7 37. Nc8+ Kd8 38. Na7 g6 39. Bh3 Ba6+ 40. Ke3 Kc7 41. Nb5+ Kd8 42. Bg4 h5 43. Bh3 g5 44. Bf5 Bc8 45. Bxc8 Kxc8 46. h4 Be7 47. Nc3 gxh4 48. gxh4 Bxh4 49. Nxd5 Bd8 50. Kf3 Kd7 0-1

[Event "Egypt op"]
[Site "Egypt"]
[Date "2009.07.22"]
[Round "3"]
[White "Hamza, Mohamed"]
[Black "Sayed, Hany"]
[Result "0-1"]
[WhiteElo "2004"]
[BlackElo "2136"]
[PlyCount "40"]
[EventDate "2009.07.20"]
[EventType "swiss"]
[EventRounds "9"]
[EventCountry "EGY"]
[SourceTitle "EXT 2011"]
[Source "ChessBase"]
[SourceDate "2010.11.26"]
[SourceVersion "1"]
[SourceVersionDate "2010.11.26"]
[SourceQuality "1"]

1. e4 Nf6 2. e5 Nd5 3. Nc3 Nb6 4. d4 d6 5. Bf4 g6 6. Nf3 Bg7 7. Bb5+ c6 8. Be2 0-0 9. 0-0 Bg4 10. exd6 exd6 11. Ne4 Nd5 12. Bg3 f5 13. Bh4 Qc7 14. Nc3 Nf6 15. Ng5 h6 16. Bxg4 hxg5 17. Bxg5 fxg4 18. Bxf6 Rxf6 19. Qxg4 Qd7 20. Qh4 Qf5 0-1

[Event "Sohag op"]
[Site "Sohag"]
[Date "2009.03.02"]
[Round "2"]
[White "Sadek, Sameh"]
[Black "Sayed, Hany"]
[Result "0-1"]
[WhiteElo "2302"]
[BlackElo "2053"]
[PlyCount "56"]
[EventDate "2009.03.02"]
[EventType "swiss"]
[EventRounds "9"]
[EventCountry "EGY"]
[SourceTitle "CBM 129 Extra"]
[Source "ChessBase"]
[SourceDate "2009.05.05"]
[SourceVersion "2"]
[SourceVersionDate "2009.05.20"]
[SourceQuality "1"]

1. Nf3 Nf6 2. c4 e6 3. Nc3 b6 4. e4 Bb7 5. e5 Ne4 6. d3 Nxc3 7. bxc3 c5 8. Be2 d6 9. 0-0 Be7 10. d4 0-0 11. exd6 Bxd6 12. a4 Qc7 13. Bd3 h6 14. Re1 Nd7 15. Qe2 Bf4 16. Ba3 Rfd8 17. Ne5 Nxe5 18. dxe5 Bxe5 19. Red1 Bxh2+ 20. Kf1 Be5 21. Bb2 Bf6 22. Qh5 Qe5 23. Qh3 Be4 24. Be2 Bc2 25. Re1 Rd2 26. Bf3 Qf4 27. Ba3 Qxc4+ 28. Kg1 Rad8 0-1